| 000 | 00415 a2200145 4500 | ||
|---|---|---|---|
| 020 | _a978-989-761-629-7 | ||
| 040 | _aISPLB | ||
| 082 | _b656.615 | ||
| 100 |
_91002 _aCORREIA,Mario, Gerson ,Felix;GUNZA ,Delcio ,Dorivaldo ,Domingos |
||
| 245 | _aColectanea de Legislaȧo Portuaria e Conexa de Angola vol I | ||
| 260 |
_aLuanda. _bMayamba Editora , _c2025. |
||
| 300 | _a688p | ||
| 650 | _aDireito | ||
| 942 | _cLivros | ||
| 999 |
_c2176 _d2176 |
||